[Event "Hastings Masters 2025-26"]
[Site "Hastings ENG"]
[Date "2025.12.31"]
[Round "6.38"]
[White "ONUOHA, Obioma"]
[Black "Chapman, Luke"]
[Result "1/2-1/2"]
[WhiteElo "2056"]
[BlackElo "1976"]
[WhiteFideId "8505837"]
[BlackFideId "343416608"]
[EventDate "2025.12.28"]

1. e4 c5 2. Nf3 Nc6 3. d4 cxd4 4. Nxd4 e5 5. Nb3 Nf6 6. Bd3 d5 7. exd5 Nxd5 8.
O-O Be7 9. Qh5 Nf6 10. Qe2 O-O 11. Nc3 h6 12. Rd1 Qc7 13. h3 Be6 14. Nb5 Qb8 15.
Be3 a6 16. Nc3 b5 17. Ne4 Nxe4 18. Bxe4 Qc7 19. Qh5 f5 20. Bd5 Bxd5 21. Rxd5 Nb4
22. Rdd1 f4 23. Bd2 Nc6 24. Be1 Kh8 25. Qf3 Rae8 26. c3 Nd8 27. Nd2 Ne6 28. Ne4
Ng5 29. Nxg5 Bxg5 30. Rd5 e4 31. Qh5 Bf6 32. Rad1 Re5 33. Rxe5 Qxe5 34. Qxe5
Bxe5 35. Rd5 Bb8 36. Kf1 Kh7 37. Rd4 Re8 38. Ke2 Re6 39. Bd2 g5 40. a4 bxa4 41.
Rxa4 Ba7 42. g4 Bxf2 43. Kxf2 e3+ 44. Bxe3 Rxe3 45. h4 Rg3 46. hxg5 hxg5 47.
Rxa6 Rxg4 48. b4 Rg3 49. Rc6 Rd3 50. b5 g4 51. Rf6 g3+ 52. Kg2 Rd2+ 53. Kg1 Rd1+
54. Kg2 Rd2+ 55. Kg1 Rd1+ 1/2-1/2

[Event "Hastings Masters 2025-26"]
[Site "Hastings ENG"]
[Date "2025.12.31"]
[Round "6.39"]
[White "Ratcliffe, James"]
[Black "Varney, Zoe"]
[Result "1-0"]
[BlackTitle "WFM"]
[WhiteElo "1845"]
[BlackElo "2053"]
[WhiteFideId "343432840"]
[BlackFideId "436135"]
[EventDate "2025.12.28"]

1. e4 e5 2. Nf3 Nc6 3. Bb5 Nf6 4. Qe2 Bd6 5. O-O O-O 6. c3 Ne7 7. d4 Ng6 8. dxe5
Nxe5 9. Nxe5 Bxe5 10. f4 Bd6 11. e5 Bc5+ 12. Kh1 Ne8 13. Nd2 Be7 14. Ne4 d5 15.
Ng3 f6 16. Be3 c5 17. Rad1 Nc7 18. Bd3 f5 19. Rd2 Qe8 20. Bc2 b6 21. Rfd1 g6 22.
Nf1 Bb7 23. Bb3 a5 24. a3 b5 25. Bf2 c4 26. Ba2 b4 27. axb4 axb4 28. Bxc4 Ne6
29. Rxd5 Qc6 30. Ne3 Nxf4 31. Rc5+ Kh8 32. Rxc6 Nxe2 33. Rc7 Nf4 34. Rxb7 bxc3
35. bxc3 1-0

[Event "Hastings Masters 2025-26"]
[Site "Hastings ENG"]
[Date "2025.12.31"]
[Round "6.40"]
[White "Pai, Sidhanth"]
[Black "Skytte, Robert"]
[Result "1/2-1/2"]
[BlackTitle "CM"]
[WhiteElo "1842"]
[BlackElo "2050"]
[WhiteFideId "343111937"]
[BlackFideId "1471775"]
[EventDate "2025.12.28"]

1. e4 c5 2. Nf3 Nc6 3. d4 cxd4 4. Nxd4 g6 5. c4 Nf6 6. Nc3 d6 7. Be2 Nxd4 8.
Qxd4 Bg7 9. Be3 O-O 10. Qd2 a5 11. O-O a4 12. Rab1 Qa5 13. f3 Be6 14. Nd5 Qxd2
15. Bxd2 Nxd5 16. cxd5 Bd4+ 17. Kh1 Bd7 18. Rfd1 Bf6 19. Bc3 Bg5 20. g3 Be3 21.
Bd4 Bxd4 22. Rxd4 Rfc8 23. Rd2 Be8 24. Kg1 b5 25. b4 1/2-1/2

[Event "Hastings Masters 2025-26"]
[Site "Hastings ENG"]
[Date "2025.12.31"]
[Round "6.41"]
[White "Vaidyanathan, Sathya"]
[Black "Kilambi, Venkata Ananth Akshay"]
[Result "1/2-1/2"]
[WhiteElo "1842"]
[BlackElo "2038"]
[WhiteFideId "490539"]
[BlackFideId "489395"]
[EventDate "2025.12.28"]

1. e4 c6 2. d4 d5 3. exd5 cxd5 4. Bd3 Nc6 5. c3 Qc7 6. h3 e6 7. Nf3 Bd6 8. O-O
Nge7 9. Re1 O-O 10. Ne5 f6 11. Nxc6 bxc6 12. c4 Rb8 13. Nc3 Bd7 14. cxd5 cxd5
15. a4 Qa5 16. Qg4 f5 17. Qe2 Bb4 18. Bf4 Rbc8 19. Bb5 Nc6 20. Qe3 a6 21. Be2
Qb6 22. Red1 Na5 23. Be5 Nc6 24. Bf4 Be7 25. Kh2 Bf6 26. a5 Nxa5 27. Na4 Qb4 28.
Nc5 Bxd4 29. Rxd4 Qxc5 1/2-1/2

[Event "Hastings Masters 2025-26"]
[Site "Hastings ENG"]
[Date "2025.12.31"]
[Round "6.42"]
[White "Sow, MiaoGeng Malcolm"]
[Black "Woods, Yannick"]
[Result "1-0"]
[WhiteElo "1842"]
[BlackElo "2023"]
[WhiteFideId "5817501"]
[BlackFideId "2518384"]
[EventDate "2025.12.28"]

1. e4 c5 2. d4 cxd4 3. c3 dxc3 4. Nxc3 Nc6 5. Bc4 e6 6. Nf3 a6 7. O-O b5 8. Bb3
Na5 9. Bf4 Nxb3 10. axb3 Bb7 11. Qe2 Be7 12. e5 Bb4 13. Rfd1 Ne7 14. Bg5 h6 15.
Bh4 Qb6 16. Ne4 Nd5 17. Rd4 Bc5 18. Nxc5 Qxc5 19. Rad1 Rc8 20. b4 Qc2 21. R1d2
Qb3 22. h3 g5 23. Bg3 Nxb4 24. Rxd7 Bd5 25. Ra7 Qa2 26. Nd4 Rc1+ 27. Rd1 Qa1 28.
Rxc1 Qxc1+ 29. Kh2 Qc5 30. Qd2 Qxa7 31. Qxb4 Qe7 32. Qc3 O-O 33. Qe3 Kg7 34. f4 1-0

[Event "Hastings Masters 2025-26"]
[Site "Hastings ENG"]
[Date "2025.12.31"]
[Round "6.43"]
[White "Kendall, Arthur"]
[Black "Anjulan, Ashwin"]
[Result "1/2-1/2"]
[WhiteElo "2000"]
[BlackElo "1876"]
[WhiteFideId "343410960"]
[BlackFideId "343411622"]
[EventDate "2025.12.28"]

1. d4 Nf6 2. Nf3 g6 3. c4 c5 4. d5 b5 5. cxb5 a6 6. e3 Bg7 7. Nc3 O-O 8. bxa6
Bxa6 9. Bxa6 Nxa6 10. O-O d6 11. e4 Qb6 12. Nd2 Nd7 13. Nc4 Qb4 14. Qe2 Nb6 15.
Na3 Na4 16. Nxa4 Qxa4 17. b3 Qd7 18. Bb2 Bxb2 19. Qxb2 Rfb8 20. Nc4 Qb5 21. Qe2
Nc7 22. Rad1 Qa6 23. Rd2 Nb5 24. f4 Na3 25. Nxa3 Qxe2 26. Rxe2 Rxa3 27. Rc1 Rba8
28. Rcc2 Kg7 29. Kf2 R8a7 30. Ke1 Ra8 31. Kd1 R8a7 32. Kc1 Ra8 33. Kb1 R8a7 34.
g4 h6 35. e5 R3a5 36. e6 f6 37. h4 Ra8 38. Rg2 Rh8 39. Rcf2 Rb5 40. Rc2 Ra5 41.
a4 Ra7 42. Rg3 Rb8 43. Rc4 Ra5 44. Ka2 Ra7 45. Ka3 Rba8 46. g5 hxg5 47. fxg5 f5
48. Rf4 Rh8 49. Rh3 Rh7 50. Rh2 Rh8 51. Rh1 Rb7 52. Rh3 Ra7 53. Kb2 Rb7 54. Kc2
Ra7 55. Rh1 Rb7 56. Rc4 Rhb8 57. Rh3 Ra7 58. Rf3 Rh8 59. Rff4 Rb8 60. Kc3 Rh8
61. b4 cxb4+ 62. Rxb4 Rha8 63. Kb3 Rc8 64. Rfc4 Rf8 65. Kc3 Rfa8 66. Kd4 Rh8 67.
Ke3 Rha8 68. Kd3 Rf8 1/2-1/2

[Event "Hastings Masters 2025-26"]
[Site "Hastings ENG"]
[Date "2025.12.31"]
[Round "6.44"]
[White "Sciupokas, Arunas"]
[Black "Ruane, Brendan J"]
[Result "0-1"]
[WhiteElo "1990"]
[BlackElo "1857"]
[WhiteFideId "12803693"]
[BlackFideId "430218"]
[EventDate "2025.12.28"]

1. e4 e5 2. Nf3 Nc6 3. Bb5 a6 4. Ba4 d6 5. c3 Bd7 6. d4 g6 7. Bg5 f6 8. Be3 Nh6
9. h3 Bg7 10. dxe5 dxe5 11. Bb3 Qe7 12. O-O Nf7 13. Nbd2 O-O 14. Bd5 Kh8 15. b4
b6 16. a4 f5 17. Nc4 f4 18. Bd2 Rad8 19. a5 b5 20. Nb2 Nb8 21. Qe2 c6 22. Bb3
Be6 23. Bxe6 Qxe6 24. c4 Rd7 25. Bc3 Rfd8 26. Rad1 Bf6 27. Rxd7 Rxd7 28. Rd1 Kg7
29. Rxd7 Nxd7 30. cxb5 cxb5 31. Qd3 Qc6 32. Nd2 Nf8 33. Nb1 Ne6 34. Qd5 Qc8 35.
Nd3 f3 36. Nxe5 Nxe5 37. Bxe5 Qc1+ 38. Kh2 fxg2 39. Bxf6+ Kxf6 40. e5+ Kf5 41.
Qd3+ Kxe5 42. Qc3+ Qxc3 43. Nxc3 g1=Q+ 44. Kxg1 Kd4 0-1

[Event "Hastings Masters 2025-26"]
[Site "Hastings ENG"]
[Date "2025.12.31"]
[Round "6.45"]
[White "Wilson, Matthew R"]
[Black "Hill, Alistair"]
[Result "0-1"]
[WhiteElo "1772"]
[BlackElo "2104"]
[WhiteFideId "423459"]
[BlackFideId "432407"]
[EventDate "2025.12.28"]

1. e4 c5 2. Nf3 e6 3. c3 d5 4. exd5 Qxd5 5. Na3 a6 6. Nc2 Nf6 7. Ne3 Qc6 8. d4
Be7 9. Bd3 O-O 10. O-O Nbd7 11. Re1 Rd8 12. Qe2 b6 13. b3 Bb7 14. Bb2 Nf8 15.
Ne5 Qc7 16. Rac1 Ng6 17. Nxg6 hxg6 18. Ng4 Qc6 19. Nxf6+ Bxf6 20. Be4 Qxe4 21.
Qxe4 Bxe4 22. Rxe4 Rac8 23. Ree1 cxd4 24. cxd4 Rxc1 25. Rxc1 Bxd4 26. Ba3 Bf6
27. Bb4 Bb2 28. Re1 a5 29. Be7 Rd3 30. Bg5 Bd4 31. Kf1 Bc5 32. Ke2 Rd5 33. Be3
Bxe3 34. fxe3 Rc5 35. Rd1 Kf8 36. Rd6 b5 37. Rb6 b4 38. Kd2 g5 39. Rb7 g4 40. e4
Rh5 41. h4 gxh3 42. gxh3 Rxh3 43. e5 g5 0-1

[Event "Hastings Masters 2025-26"]
[Site "Hastings ENG"]
[Date "2025.12.31"]
[Round "6.46"]
[White "Bharat Kumar, Balahari"]
[Black "Saxena, Advik"]
[Result "1/2-1/2"]
[WhiteElo "2068"]
[BlackElo "1806"]
[WhiteFideId "496464"]
[BlackFideId "343423892"]
[EventDate "2025.12.28"]

1. d4 Nf6 2. c4 e6 3. Nf3 b6 4. e3 Bb7 5. Bd3 d5 6. b3 Bd6 7. O-O O-O 8. Bb2
Nbd7 9. Nbd2 c5 10. Qe2 Re8 11. Rad1 Ne4 12. cxd5 exd5 13. Ba6 Bxa6 14. Qxa6 Qc7
15. dxc5 Ndxc5 16. Qe2 Re6 17. Rc1 Qd7 18. Rfd1 Rae8 19. Nf1 f5 20. Nd4 Rg6 21.
Qb5 Qf7 22. Nf3 a6 23. Qe2 f4 24. Rc2 Ng5 25. Nxg5 Rxg5 26. Qf3 Qg6 1/2-1/2

[Event "Hastings Masters 2025-26"]
[Site "Hastings ENG"]
[Date "2025.12.31"]
[Round "6.47"]
[White "Balzer, Lars"]
[Black "Venkatesh, Anuj"]
[Result "1/2-1/2"]
[WhiteElo "2026"]
[BlackElo "1825"]
[WhiteFideId "4646452"]
[BlackFideId "455636"]
[EventDate "2025.12.28"]

1. e4 c5 2. Nc3 Nc6 3. g3 g6 4. Bg2 Bg7 5. d3 d6 6. Be3 Nf6 7. h3 O-O 8. Nge2 e5
9. O-O Rb8 10. f4 Nd4 11. Kh2 b5 12. Qd2 b4 13. Nd1 h5 14. Ng1 a5 15. c3 Nc6 16.
f5 Ne7 17. Bh6 d5 18. fxg6 fxg6 19. Bxg7 Kxg7 20. Qg5 Qd6 21. Ne3 Nh7 22. Qh4
Be6 23. exd5 Nxd5 24. Nc4 Qc7 25. cxb4 Nxb4 26. Qe4 Bf5 27. Qxe5+ Qxe5 28. Nxe5
Nxd3 29. Nxd3 Bxd3 30. Rxf8 Nxf8 31. b3 c4 1/2-1/2

[Event "Hastings Masters 2025-26"]
[Site "Hastings ENG"]
[Date "2025.12.31"]
[Round "6.48"]
[White "Gorskovs, Andrejs"]
[Black "Gupta, Aditya"]
[Result "1-0"]
[WhiteElo "1920"]
[BlackElo "1808"]
[WhiteFideId "343426751"]
[BlackFideId "343418643"]
[EventDate "2025.12.28"]

1. e4 c5 2. Nf3 d6 3. d4 cxd4 4. Nxd4 Nf6 5. Nc3 g6 6. Be3 Bg7 7. f3 O-O 8. Qd2
Nc6 9. O-O-O d5 10. Qe1 e5 11. Nxc6 bxc6 12. exd5 Nxd5 13. h4 Be6 14. h5 Rb8 15.
hxg6 hxg6 16. Ne4 Bf5 17. g4 Be6 18. Bc5 Re8 19. g5 f5 20. gxf6 Bxf6 21. Qg3 Bf5
22. Qh2 g5 23. Bc4 Re6 24. Bb3 Qe8 25. Nxf6+ Rxf6 26. Rde1 Re6 27. Qh8+ Kf7 28.
Rh7+ Bxh7 29. Qxh7+ Kf6 30. Rh1 Nf4 31. Bxe6 Kxe6 32. Rh6+ Kd5 33. b4 e4 34.
fxe4+ Kc4 35. Rd6 Rd8 36. Qxa7 Rxd6 37. Qa6+ Kc3 38. Qa3+ Kc4 39. Qb3+ Kb5 40.
a4+ Ka6 41. Qc4+ Kb7 42. Bxd6 Qd8 43. e5 Nd5 44. b5 Qb6 45. e6 g4 46. e7 Nxe7
47. Bxe7 Qe3+ 48. Kb2 Qxe7 49. Qxc6+ Ka7 50. b6+ Kb8 51. Kb3 g3 52. a5 Qf7+ 53.
Kb4 Qf4+ 54. c4 Qd2+ 55. Kb5 Qd8 56. a6 Qg5+ 57. c5 1-0

[Event "Hastings Masters 2025-26"]
[Site "Hastings ENG"]
[Date "2025.12.31"]
[Round "6.49"]
[White "Swiatkowski, Dominik"]
[Black "Sadler, Ben"]
[Result "1-0"]
[WhiteElo "1874"]
[BlackElo "1882"]
[WhiteFideId "343415202"]
[BlackFideId "472190"]
[EventDate "2025.12.28"]

1. e4 e6 2. d3 c5 3. Nf3 Nc6 4. g3 g6 5. Bg2 Bg7 6. O-O Nge7 7. c3 e5 8. a3 a5
9. Be3 d6 10. a4 O-O 11. Na3 h6 12. Nd2 b6 13. Ndc4 d5 14. exd5 Nxd5 15. Bxd5
Qxd5 16. Nxb6 1-0

[Event "Hastings Masters 2025-26"]
[Site "Hastings ENG"]
[Date "2025.12.31"]
[Round "6.50"]
[White "Saxena, Reyansh"]
[Black "Both, Bert"]
[Result "1-0"]
[WhiteElo "1641"]
[BlackElo "2102"]
[WhiteFideId "343423884"]
[BlackFideId "1014340"]
[EventDate "2025.12.28"]

1. e4 c5 2. Nf3 a6 3. d4 cxd4 4. Nxd4 Nf6 5. Nc3 e5 6. Nb3 Bb4 7. Bg5 Qc7 8. Qf3
d5 9. Bxf6 dxe4 10. Bxe5 Qxe5 11. Qe3 Nc6 12. Be2 O-O 13. O-O Bf5 14. Na4 Bd6
15. g3 Nb4 16. Rfc1 b5 17. Nb6 Rab8 18. c3 Nd3 19. Bxd3 exd3 20. Qxe5 Bxe5 21.
Nd5 Rfe8 22. Nb4 Ra8 23. Rd1 Red8 24. Nc5 d2 25. Nc6 Bf6 26. Nxd8 Rxd8 27. Nb3
b4 28. Rxd2 Rxd2 29. Nxd2 bxc3 30. bxc3 Bxc3 31. Rd1 g6 32. Nb3 Be6 33. Rc1 Bb4
34. Rc6 a5 35. Ra6 Kg7 36. Nxa5 1-0

[Event "Hastings Masters 2025-26"]
[Site "Hastings ENG"]
[Date "2025.12.31"]
[Round "6.51"]
[White "Halas, Kim Aleksander"]
[Black "Gibson, Christopher A"]
[Result "0-1"]
[WhiteElo "1729"]
[BlackElo "1887"]
[WhiteFideId "1546074"]
[BlackFideId "414697"]
[EventDate "2025.12.28"]

1. d4 d5 2. c4 e6 3. Nc3 Nf6 4. cxd5 exd5 5. Bg5 c6 6. Qc2 Nbd7 7. e3 Bd6 8. Bd3
Nf8 9. Nge2 Ne6 10. Bh4 g6 11. f3 Be7 12. O-O O-O 13. Rad1 Ng7 14. Kh1 Bf5 15.
e4 dxe4 16. fxe4 Bg4 17. Bf2 Ne6 18. Bg1 Rc8 19. Qd2 b6 20. a3 Rc7 21. Rde1 Rd7
22. Bc2 Bxe2 23. Nxe2 Ne8 24. d5 cxd5 25. Ba4 b5 26. Bxb5 Rc7 27. exd5 Nd6 28.
dxe6 Nxb5 29. Qxd8 Bxd8 30. Nd4 Nxd4 31. Bxd4 fxe6 32. Rxf8+ Kxf8 33. Kg1 Rd7
34. Rf1+ Kg8 35. Be5 Bb6+ 36. Kh1 Rd2 37. Bc3 Re2 38. Re1 Rxe1+ 39. Bxe1 Bd4 40.
Bc3 Bxc3 41. bxc3 Kf7 42. Kg1 Ke7 43. Kf2 Kd6 44. Ke3 Kc5 45. Kd3 a5 46. c4 a4
47. g4 e5 48. h4 e4+ 49. Kxe4 Kxc4 50. Ke3 Kd5 51. Kd3 Ke5 52. Ke3 h6 53. h5 g5
54. Kf3 Kd4 55. Kf2 Ke4 56. Kg3 Ke3 57. Kg2 Kf4 58. Kf2 Kxg4 59. Ke3 Kxh5 60.
Kd4 g4 61. Kc4 g3 62. Kb4 g2 63. Kxa4 0-1

[Event "Hastings Masters 2025-26"]
[Site "Hastings ENG"]
[Date "2025.12.31"]
[Round "6.52"]
[White "Siddhartha Shankar Srivastava"]
[Black "Jacobs, Simon"]
[Result "1/2-1/2"]
[WhiteElo "1589"]
[BlackElo "1749"]
[WhiteFideId "25780590"]
[BlackFideId "343440673"]
[EventDate "2025.12.28"]

1. e4 c6 2. d4 d5 3. e5 c5 4. dxc5 e6 5. a3 Bxc5 6. b4 Be7 7. Bb2 a5 8. b5 Nd7
9. Nf3 f6 10. Bd3 Nh6 11. O-O Nf7 12. exf6 Bxf6 13. Bxf6 Qxf6 14. Nbd2 O-O 15.
c4 Nc5 16. Bc2 b6 17. cxd5 exd5 18. h3 Bb7 19. Nb3 Ne5 20. Nxe5 Qxe5 21. Nxc5
bxc5 22. Qd3 Qh5 23. Rae1 Rf7 24. Bd1 Qg5 25. Bg4 d4 26. Qg3 Kh8 27. Re5 Qd8 28.
Rxc5 d3 29. Rd1 Be4 30. Re5 Bg6 31. h4 Qd4 32. h5 Rf4 33. Bf3 Raf8 34. Re3 Bf5
35. Be2 d2 36. Bd3 Bxd3 37. Rxd3 Qxf2+ 38. Qxf2 Rxf2 39. R3xd2 Rxd2 40. Rxd2 Kg8
41. Rf2 Rb8 42. a4 Re8 43. Rb2 Kf7 44. Kf2 Rb8 45. Kf3 Ke6 46. Rc2 Kd6 47. Ke4
Re8+ 48. Kd4 Re1 49. Kc4 Rb1 50. Rc3 Rb4+ 51. Kd3 Rxa4 52. Rb3 1/2-1/2

[Event "Hastings Masters 2025-26"]
[Site "Hastings ENG"]
[Date "2025.12.31"]
[Round "6.53"]
[White "Butt, Laurence"]
[Black "Wheeler, James M"]
[Result "1/2-1/2"]
[WhiteElo "1790"]
[BlackElo "1846"]
[WhiteFideId "440884"]
[BlackFideId "463396"]
[EventDate "2025.12.28"]

1. d4 g6 2. f4 Bg7 3. Nf3 d6 4. e3 Nd7 5. Bd3 e6 6. O-O a6 7. c3 b6 8. e4 Bb7 9.
f5 e5 10. fxg6 hxg6 11. Bg5 f6 12. Be3 Ne7 13. Nbd2 Nf8 14. c4 c5 15. d5 Qd7 16.
a3 f5 17. Bg5 Nh7 18. Bxe7 Kxe7 19. Nh4 Nf8 20. g3 f4 21. Qe2 Qh3 22. Ndf3 Bf6
23. Qg2 Qxg2+ 24. Kxg2 Bc8 25. b4 g5 26. Nf5+ Bxf5 27. exf5 Nd7 28. g4 a5 29. b5
Rag8 30. Be4 Rg7 31. Rh1 Rh6 32. h3 Kf7 33. Rh2 Be7 34. Rah1 Nf6 35. Nd2 Rgh7
36. Bc2 Rg7 37. Re1 Rgh7 38. Nf3 Rg7 39. Kg1 Rg8 40. Ree2 Nd7 41. f6 Bxf6 42.
Bf5 Nf8 43. Nd2 Rgh8 44. Kg2 Ng6 45. Bxg6+ Rxg6 46. Re1 1/2-1/2

[Event "Hastings Masters 2025-26"]
[Site "Hastings ENG"]
[Date "2026.01.01"]
[Round "7.1"]
[White "Kaasen, Tor Fredrik"]
[Black "Deuer, Marius"]
[Result "1/2-1/2"]
[WhiteTitle "IM"]
[BlackTitle "IM"]
[WhiteElo "2471"]
[BlackElo "2475"]
[WhiteFideId "1516647"]
[BlackFideId "16236432"]
[EventDate "2025.12.28"]

1. d4 Nf6 2. c4 e6 3. Nf3 d5 4. Nc3 c5 5. cxd5 Nxd5 6. e4 Nxc3 7. bxc3 cxd4 8.
cxd4 Bb4+ 9. Bd2 Bxd2+ 10. Qxd2 O-O 11. Bc4 Nd7 12. O-O b6 13. Rad1 Bb7 14. Rfe1
Rc8 15. Bb3 h6 16. h3 Nf6 17. Qf4 Qc7 18. Qh4 Rfe8 19. Ne5 Nd7 20. Nxd7 Qxd7 21.
Re3 a5 22. Rg3 Kh8 23. d5 exd5 24. exd5 b5 25. Qd4 f5 26. d6 Re4 27. Qd2 a4 28.
Bd5 Bxd5 29. Qxd5 Rce8 30. Rc3 R4e5 31. Qd3 Re1+ 32. Rxe1 Rxe1+ 33. Kh2 Re6 34.
Qxf5 Qxd6+ 35. g3 Re8 36. Qxb5 Rf8 37. Qe2 Qf6 38. Rc2 Qd4 39. Rd2 Qc5 40. Kg1
a3 41. Qd3 Rb8 42. Re2 Qc6 43. Qf5 Rd8 44. Re1 Qd6 45. Qf7 Rf8 46. Re8 Rxe8 47.
Qxe8+ Kh7 48. Qf7 Qc5 49. g4 Qc1+ 50. Kg2 Qc6+ 51. Qf3 Qd6 52. h4 Kh8 53. Qa8+
Kh7 54. Qe4+ Kg8 55. g5 hxg5 56. hxg5 Kf7 57. Kh3 Qc5 58. f4 g6 59. Qb7+ Ke6 60.
Qa6+ Kf5 61. Qf6+ Ke4 62. Qxg6+ Kxf4 63. Qf6+ Ke4 64. Qe6+ Kf4 65. Qg4+ Ke5 66.
Kh4 Qf2+ 67. Qg3+ Qxg3+ 68. Kxg3 Kf5 69. Kh4 Ke5 1/2-1/2

[Event "Hastings Masters 2025-26"]
[Site "Hastings ENG"]
[Date "2026.01.01"]
[Round "7.2"]
[White "Williams, Simon K"]
[Black "Laurent-Paoli, Pierre"]
[Result "1-0"]
[WhiteTitle "GM"]
[BlackTitle "GM"]
[WhiteElo "2434"]
[BlackElo "2539"]
[WhiteFideId "404454"]
[BlackFideId "26017962"]
[EventDate "2025.12.28"]

1. d4 Nf6 2. Nf3 c5 3. d5 b5 4. Bg5 g6 5. a4 b4 6. Bxf6 exf6 7. e4 Bg7 8. Nbd2
O-O 9. Bd3 d6 10. Nc4 Qe7 11. O-O Nd7 12. Nfd2 Ne5 13. f4 Nxc4 14. Nxc4 Ba6 15.
Na5 Qc7 16. Bxa6 Qxa5 17. Bb5 f5 18. exf5 Bxb2 19. Rb1 Bd4+ 20. Kh1 a6 21. Bc6
Ra7 22. fxg6 fxg6 23. Qg4 Qd8 24. Rbe1 Re7 25. Rxe7 Qxe7 26. Qe6+ Rf7 27. Re1
Qf6 28. Be8 Qxe6 29. dxe6 Re7 30. Bc6 Kf8 31. Bd5 Rc7 32. Re4 Ke7 33. g4 a5 34.
Kg2 Rc8 35. Kf3 Rf8 36. Kg3 Bc3 37. Re2 Bb2 38. Rf2 Bc3 39. Rf1 Be5 40. h4 h6
41. g5 hxg5 42. hxg5 Rf5 43. Be4 Rxg5+ 44. Kf3 Bxf4 45. Kxf4 Re5 46. Bxg6 Kxe6
47. Bd3 d5 48. Rh1 Kd6 49. Bf5 d4 50. Rh6+ Kd5 51. Bd3 Re3 52. Rh5+ Kd6 53. Be4
Rc3 54. Rh6+ Kc7 55. Ke5 d3 56. cxd3 b3 57. Rc6+ Kd7 58. Rb6 c4 59. Kd4 1-0

[Event "Hastings Masters 2025-26"]
[Site "Hastings ENG"]
[Date "2026.01.01"]
[Round "7.4"]
[White "Hagner, Bennet"]
[Black "Wang, Hao(ZJ)"]
[Result "1-0"]
[WhiteTitle "IM"]
[BlackTitle "IM"]
[WhiteElo "2451"]
[BlackElo "2426"]
[WhiteFideId "16224477"]
[BlackFideId "8631859"]
[EventDate "2025.12.28"]

1. d4 Nf6 2. Nf3 e6 3. g3 d5 4. Bg2 Be7 5. O-O O-O 6. c4 dxc4 7. Qc2 a6 8. a4
Nc6 9. Qxc4 Na5 10. Qc2 b6 11. Ne5 Bb7 12. Bxb7 Nxb7 13. Nc6 Qe8 14. Bg5 h6 15.
Nxe7+ Qxe7 16. Bxf6 Qxf6 17. Qxc7 Na5 18. Qc3 Rac8 19. Qd3 Rfd8 20. Rd1 Rxd4 21.
Qxd4 Qxd4 22. Rxd4 Nb3 23. Rb4 Nxa1 24. Na3 Rc6 25. f4 Kf8 26. Kf2 Ke7 27. Ke3
Kd6 28. Kd3 f6 29. e4 g5 30. Nc4+ Kc5 31. Kc3 b5 32. Rxb5+ 1-0

[Event "Hastings Masters 2025-26"]
[Site "Hastings ENG"]
[Date "2026.01.01"]
[Round "7.5"]
[White "Golding, Alex"]
[Black "Ghimpu, Samuel-Timotei"]
[Result "1-0"]
[WhiteTitle "IM"]
[BlackTitle "IM"]
[WhiteElo "2370"]
[BlackElo "2428"]
[WhiteFideId "427241"]
[BlackFideId "1238175"]
[EventDate "2025.12.28"]

1. d4 Nf6 2. Nf3 g6 3. c4 Bg7 4. Nc3 O-O 5. e4 d6 6. Be2 e5 7. d5 Nh5 8. g3 a5
9. Bg5 Qe8 10. Nh4 Nf6 11. g4 Na6 12. f3 Nd7 13. Qd2 Ndc5 14. O-O f6 15. Be3 Qe7
16. Kh1 Kh8 17. Rg1 Bd7 18. Rg3 c6 19. Rh3 Qf7 20. Rg1 Rg8 21. Nd1 a4 22. Nf2
Bf8 23. f4 exf4 24. Bd4 g5 25. Nf5 Bxf5 26. gxf5 Nd7 27. Bh5 Qe7 28. dxc6 bxc6
29. Qa5 Ne5 30. Qxa4 Nc7 31. Qb3 d5 32. cxd5 cxd5 33. Rc3 Na6 34. exd5 Rb8 35.
Qd1 Rxb2 36. Ne4 Bg7 37. Re1 Rd8 38. Bxe5 fxe5 39. d6 Qb7 40. Bf3 Qf7 41. Nxg5
Qxf5 42. Rg1 Rb4 43. Qd5 Rf8 44. Ne6 Rg8 45. d7 1-0

[Event "Hastings Masters 2025-26"]
[Site "Hastings ENG"]
[Date "2026.01.01"]
[Round "7.6"]
[White "Kuru, Atilla"]
[Black "Gordon, Stephen J"]
[Result "1/2-1/2"]
[WhiteTitle "IM"]
[BlackTitle "GM"]
[WhiteElo "2449"]
[BlackElo "2465"]
[WhiteFideId "51607948"]
[BlackFideId "411477"]
[EventDate "2025.12.28"]

1. e4 c6 2. d4 d5 3. exd5 cxd5 4. Nf3 Nc6 5. c3 a6 6. Be2 Bf5 7. Nh4 Bxb1 8.
Rxb1 e5 9. Nf5 g6 10. Ne3 exd4 11. cxd4 Bg7 12. Nc2 Nge7 13. O-O O-O 14. Bg4 Qd6
15. Qd3 h5 16. Bh3 Kh7 17. b3 Nb4 18. Nxb4 Qxb4 19. Be3 Nc6 20. Rfd1 Rad8 21. g3
Bh6 22. Bxh6 Kxh6 23. Bg2 Rfe8 24. Qd2+ Kg7 25. Rbc1 Qxd2 26. Rxd2 Rd6 27. h4
Red8 28. Kf1 R8d7 29. Ke2 Re7+ 30. Kf1 Red7 31. Rc5 Ne7 32. Bh3 f5 33. Bg2 Rc6
34. Ke2 b6 35. Rxc6 Nxc6 36. Kd3 Rc7 37. a3 Ne7 38. Re2 Kf6 39. Re5 Rd7 40. f4 1/2-1/2

[Event "Hastings Masters 2025-26"]
[Site "Hastings ENG"]
[Date "2026.01.01"]
[Round "7.7"]
[White "Sulskis, Sarunas"]
[Black "Hobson, Kenneth"]
[Result "1-0"]
[WhiteTitle "GM"]
[BlackTitle "FM"]
[WhiteElo "2475"]
[BlackElo "2264"]
[WhiteFideId "12800112"]
[BlackFideId "480819"]
[EventDate "2025.12.28"]

1. e4 e5 2. Nf3 Nc6 3. Bb5 a6 4. Ba4 Nf6 5. O-O b5 6. Bb3 Bc5 7. c3 d6 8. d4 Bb6
9. Re1 O-O 10. Bg5 h6 11. Bh4 g5 12. Nxg5 hxg5 13. Bxg5 Kg7 14. Re3 Qd7 15. Rg3
Ng4 16. h3 f5 17. exf5 Qxf5 18. Be3 exd4 19. cxd4 Qf6 20. hxg4 Nxd4 21. Bd5 c6
22. Bxc6 Ra7 23. Nc3 Be6 24. Bd5 Bc5 25. b4 Ne2+ 26. Qxe2 1-0

[Event "Hastings Masters 2025-26"]
[Site "Hastings ENG"]
[Date "2026.01.01"]
[Round "7.8"]
[White "Gormally, Daniel W"]
[Black "Saunders, Aron"]
[Result "1/2-1/2"]
[WhiteTitle "GM"]
[WhiteElo "2396"]
[BlackElo "2201"]
[WhiteFideId "406465"]
[BlackFideId "469343"]
[EventDate "2025.12.28"]

1. d4 d5 2. c4 c6 3. Nf3 Nf6 4. Nc3 dxc4 5. a4 Bf5 6. Nh4 e6 7. Nxf5 exf5 8. e3
Bd6 9. Bxc4 O-O 10. O-O a5 11. Qc2 Qd7 12. Bd3 g6 13. f3 Bc7 14. Ne2 Na6 15.
Bxa6 Rxa6 16. e4 Qe6 17. d5 Bb6+ 18. Kh1 cxd5 19. exf5 Rc8 20. Qd3 Qxf5 21. Qxf5
gxf5 22. Ng3 Rc2 23. Nxf5 Bc5 24. Bg5 Re6 25. Rac1 Rxc1 26. Rxc1 b6 27. h4 Nd7
28. Rd1 d4 29. Bf4 Re2 30. Nxd4 Rxb2 31. Nf5 Rb4 32. Bg5 Nf8 33. Bf6 Ne6 34. Rd7
Bf8 35. Rb7 Rxa4 36. h5 h6 37. Rxb6 Rf4 38. g4 Rxf3 39. Rb8 Kh7 40. Kg2 Rf4 41.
Kh3 Rf3+ 42. Kg2 Rf4 1/2-1/2